000 03540nam a2200565Ia 4500
001 395
008 241029s9999 xx 000 0 und d
010 _a361
041 _aEspañol
082 _aNO APLICA
245 0 _aFactores que inciden en el bajo rendimiento de los estudiantes de 7mo. Grado en el área de Matemáticas en la Escuela República de Ecuador Distrito 10-02, Santo Domingo Norte República Dominicana año 2013-2014.
260 _aSanto Domingo
300 _a127
520 _a9
630 _aAprendizaje
630 _aBajo Rendimiento
630 _aEstudiantes
630 _aMatemática
650 _aGestión Educativa
690 _aElaborado
700 _easesor
_aPérez , Miledys
700 _eautor
_aBautista Pérez, Carmen Julissa
700 _eautor
_aPérez Rodríguez , Julia
901 _a{"1":"Bautista Pérez","2":"Pérez Rodríguez "}
_b{"1":"Carmen Julissa","2":"Julia"}
902 _a1
903 _a{"1":"Pérez "}
_b{"1":"Miledys "}
904 _aMaestría en
905 _aEducación
906 _a1
907 _aMención en
908 _aGestión de Centros Educativos
909 _aUniversidad Abierta para Adultos (UAPA), Recinto Santo Domingo Oriental
910 _aNULL
_bNULL
911 _a["1"]
912 _aNO APLICA
913 _aNULL
914 _a03 de Junio de 2013
915 _a03/07/15 08:07
916 _aNULL
917 _aNULL
918 _aNO APLICA
919 _a["18","27","96","135"]
520 _aLos objetivos principales de este estudio consistieron en determinar cuales son las características en que se desarrolla el proceso de enseñanza aprendizaje de los procedimientos algorítmicos en la matemática escolar en su concepción didáctica y en su relación en la práctica en el nivel básico y determinar los factores que inciden en el bajo rendimiento de los estudiantes de 7mo. Grado en el área de Matemáticas en la Escuela República de Ecuador Distrito 10-02, Santo Domingo Norte República Dominicana año 2013-2014.La metodología utilizada fue de tipo descriptivo. Se utilizó como instrumento el cuestionario y la observación. Como técnicas se utilizó la encuesta, la entrevista y pruebas de medición de conocimientos.Se trabajó con una población de 416 alumnos que equivale al total de la población en la tanda vespertina como muestra se tomo 112 alumnos de dicha población.El estudio concluyó que la principal causa del bajo rendimiento en el área de Matemática es el poco tiempo que los alumnos dedican al estudio de esta asignatura durante la semana, que dentro de las debilidades de enseñanza esta la falta de relación de los contenidos con la vida diaria, la aplicación de pruebas inadecuadas para la evaluación de la misma, que la estrategia que genera mayor aprendizaje en esta área del conocimiento es la de resolución de pruebas.El estudio recomendó que los programas de Matemáticas de Licenciatura de Educación Básica del ISFODOSU sean modificados, que hay que quitarles y agregarle contenidos que no son del Nivel Básico, que deben ser revisados los programas de formación docente en el área de matemática en todas las universidades de la República Dominicana y evaluar los estudiantes cada cierto tiempo para determinar los conocimientos adquiridos en el proceso de enseñanza aprendizaje.Para visualizar este estudio en su totalidad haga click aquí
921 _a16
922 _a16
923 _a0
924 _aNO APLICA
942 _cTesis
999 _c361
_d361